000 00504nam a2200145 a 4500
008 120416s0000 ||||||||||||||||| || u
020 _a0412573709
050 _aSB 950 Den
100 _aDent, David
245 1 0 _aIntegrated pest management
260 _aLondon
_bChapman & Hall
_c1995
300 _axii, 356 pages : illustrations
350 _a0.00
995 _aANNEX COLLECTION (Main Library)
_D0.00
_e025350
_FCBU-MAIN LIBRARY (Kitwe)
_H1
_I50.00
_jSB 950 Den
_UAVAILABLE
_y025350
_ZAnnex Low-Usage Collection
999 _c77462
_d77462